Cultural anthropology : (Record no. 81414)
[ view plain ]
| 000 -LEADER | |
|---|---|
| fixed length control field | 01213nam a2200337 a 4500 |
| 001 - CONTROL NUMBER | |
| control field | 81414 |
| 003 - CONTROL NUMBER IDENTIFIER | |
| rucl marc code | BD-RjUL |
| 005 - DATE AND TIME OF LATEST TRANSACTION | |
| control field | 20231206152002.0 |
| 008 - FIXED-LENGTH DATA ELEMENTS--GENERAL INFORMATION | |
| fixed length control field | 160708s2018 maua b 001 0 eng |
| 020 ## - INTERNATIONAL STANDARD BOOK NUMBER | |
| International Standard Book Number | 9781337109642 (Student Edition) |
| International Standard Book Number | 1337109649 (Student Edition) |
| Canceled/invalid ISBN | 9781337116176 (Loose-leaf Edition) |
| 035 ## - SYSTEM CONTROL NUMBER | |
| System control number | (BD-RjUL)81414 |
| 040 ## - CATALOGING SOURCE | |
| Original cataloging agency | DLC |
| Language of cataloging | eng |
| Transcribing agency | DLC |
| Description conventions | rda |
| Modifying agency | DLC |
| -- | BD-RjUL |
| 041 ## - LANGUAGE CODE | |
| Language code of text/sound track or separate title | eng |
| 082 ## - DEWEY DECIMAL CLASSIFICATION NUMBER | |
| Edition number | 23 |
| Classification number | 306 |
| Author mark and year | FEC 2018 |
| 100 1# - MAIN ENTRY--PERSONAL NAME | |
| Personal name | Ferraro, Gary P., |
| Relator term | author. |
| 9 (RLIN) | 7563 |
| 245 10 - TITLE STATEMENT | |
| Title | Cultural anthropology : |
| Remainder of title | an applied perspective / |
| Statement of responsibility, etc. | Gary Ferraro, University of North Carolina-Charlotte, Susan Andreatta, University of North Carolina-Greensboro. |
| 250 ## - EDITION STATEMENT | |
| Edition statement | Eleventh Edition. |
| 264 #1 - PRODUCTION, PUBLICATION, DISTRIBUTION, MANUFACTURE, AND COPYRIGHT NOTICE | |
| Place of production, publication, distribution, manufacture | Boston, Massachusetts : |
| Name of producer, publisher, distributor, manufacturer | Cengage Learning, |
| Date of production, publication, distribution, manufacture, or copyright notice | 2018. |
| 300 ## - PHYSICAL DESCRIPTION | |
| Pagination | xxv, 451 pages : |
| Illustrations | color illustrations ; |
| Size | 28 cm |
| 336 ## - CONTENT TYPE | |
| Content type term | text |
| Content type code | txt |
| Source | rdacontent |
| 337 ## - MEDIA TYPE | |
| Media type term | unmediated |
| Media type code | n |
| Source | rdamedia |
| 338 ## - CARRIER TYPE | |
| Carrier type term | volume |
| Carrier type code | nc |
| Source | rdacarrier |
| 504 ## - BIBLIOGRAPHY, ETC. NOTE | |
| Bibliography, etc | Includes bibliographical references (pages 423-436) and index. |
| 650 #0 - SUBJECT ADDED ENTRY--TOPICAL TERM | |
| Topical term or geographic name as entry element | Ethnology. |
| Topical term or geographic name as entry element | Applied anthropology. |
| 9 (RLIN) | 7564 |
| 700 1# - ADDED ENTRY--PERSONAL NAME | |
| Personal name | Andreatta, Susan. |
| Relator term | author. |
| 942 ## - ADDED ENTRY ELEMENTS (KOHA) | |
| Source of classification or shelving scheme | Dewey Decimal Classification |
| Koha item type | Books |
| Lost status | Source of classification or shelving scheme | Damaged status | Not for loan | Collection code | Permanent Location | Current Location | Shelving location | Date acquired | Source of acquisition | Cost, normal purchase price | Total Checkouts | Full call number | Date last seen | Copy number | Koha item type |
|---|---|---|---|---|---|---|---|---|---|---|---|---|---|---|---|
| Dewey Decimal Classification | Not For Loan | Non-fiction | Central Library, University of Rajshahi | Central Library, University of Rajshahi | Reading Room | 11/05/2023 | Dhaka : Book Finder | 11384.09 | 306 FEC 2018 | 18/05/2023 | C-1 | Books | |||
| Dewey Decimal Classification | Non-fiction | Central Library, University of Rajshahi | Central Library, University of Rajshahi | General Stacks | 31/10/2023 | Dhaka : BM Book | 15080.00 | 306 FEC 2018 | 06/12/2023 | C-2 | Books | ||||
| Dewey Decimal Classification | Non-fiction | Central Library, University of Rajshahi | Central Library, University of Rajshahi | General Stacks | 31/10/2023 | Dhaka : BM Book | 15080.00 | 306 FEC 2018 | 06/12/2023 | C-3 | Books | ||||
| Dewey Decimal Classification | Non-fiction | Central Library, University of Rajshahi | Central Library, University of Rajshahi | General Stacks | 31/10/2023 | Dhaka : BM Book | 15080.00 | 306 FEC 2018 | 06/12/2023 | C-4 | Books |